000 00614nam a2200193Ia 4500
003 GCL
008 140319s9999 xx 000 0 ara d
040 _aGCL /
_cGCL
082 0 4 _a210
_bا م
100 1 _aابوبكر الجزائرى
245 1 0 _aمنهاج المسلم: عقائد واداب واخلاق وعبادات ومعاملات /
_cابوبكر الجزائرى
260 _a[S.N] :
_bالمكتب الثقافى
300 _a487 ص
490 _a
650 0 4 _aالاخلاق الاسلامية
650 0 4 _aالعقائد
650 0 4 _aالاداب الاسلامية
942 _2ddc
_cBK
999 _c29140
_d29140